Kto Był Wtedy Na Boisku?Bayern 8-0 Schalke 04 - Statystyki

Ogólne statystyki
  • Ten quiz został rozwiązany 111 razy
  • Średni wynik to 14 z 33
Statystyki odpowiedzi
Pozycja Piłkarz % Poprawnych
BR Neuer
98%
N Lewandowski
97%
ŚPO Muller
94%
ŚO Boateng
91%
ŚPD Kimmich
91%
PP Gnabry
89%
ŚPD Goretzka
85%
LP Sane
84%
PO Pavard
81%
ŚO Sule
78%
LO Hernandez
71%
Trener Flick
68%
Zmiennik Musiala
56%
BR Fahrmann
38%
Zmiennik Tolisso
36%
LP Harit
25%
Zmiennik Zirkzee
22%
LO Oczipka
21%
ŚP Serdar
19%
Zmiennik Cuisance
18%
ŚO Kabak
18%
Zmiennik Richards
16%
N Uth
15%
PO Rudy
11%
ŚP Bentaleb
10%
Zmiennik Raman
10%
N Paciencia
8%
Trener Wagner
8%
Zmiennik Schopf
7%
ŚO Stambouli
6%
PP Matondo
3%
Zmiennik Skrzybski
3%
Zmiennik Becker
2%
Nie znaleziono quizów pasujących do podanych kryteriów
Rozkład punktacji
Procent ludzi z każdym wynikiem
Percentyl według liczby udzielonych odpowiedzi
Twoja historia wyników
Nie rozwiązałeś tego quizu